Countries and their Largest City by Flag #1 - Statistics

General Stats
  • This quiz has been taken 19 times
  • The average score is 26 of 32
Answer Stats
Picture Answer % Correct
Brazil
100%
Amsterdam
95%
Israel
95%
Netherlands
95%
Ecuador
89%
Estonia
89%
France
89%
Jerusalem
89%
Moscow
89%
Pakistan
89%
Paris
89%
Russia
89%
Sao Paulo
89%
Seoul
89%
South Korea
89%
Tunisia
89%
Barbados
84%
Costa Rica
84%
Liberia
84%
Syria
84%
Tallinn
84%
Tunis
84%
Damascus
79%
Mozambique
79%
San Jose
74%
Burkina Faso
68%
Karachi
68%
Monrovia
68%
Bridgetown
63%
Ouagadougou
63%
Maputo
58%
Guayaquil
26%
No matching quizzes found
Score Distribution
Percent of People with Each Score
Percentile by Number Answered
Your Score History
You have not taken this quiz